| 000 | 00852nam a22002657a 4500 | ||
|---|---|---|---|
| 005 | 20150916124230.0 | ||
| 010 | _aB-495470-473 ENG-113863 | ||
| 020 |
_a97893520248560 _c600.00 |
||
| 035 | _aB-495470-473 | ||
| 035 | _aEN-97395 | ||
| 037 |
_bHPH/Ven _adpl |
||
| 037 | _bDBAD/PUB | ||
| 082 | _a921 | ||
| 245 |
_aChanakya / _cedited by R.K.Singh [and] P.K. Choudhary |
||
| 260 |
_aMumbai _bHimalaya Books _c2011 |
||
| 270 |
_aRamdoot Dr. Bhalerao Marg, Girgaon _bMumbai _e400004 |
||
| 300 |
_a246p. _c23cm(Hb) |
||
| 490 | _aedited by M.H. Syed | ||
| 500 | _aIncludes bibliographical references and index | ||
| 700 | _aR.K. Singh | ||
| 700 | _aChoudhry, P.K. | ||
| 700 | _aSyed,M.H. | ||
| 942 |
_2ddc _cEN _mCHA _h921 |
||
| 999 |
_c79588 _d79588 |
||